000 00713nam a22002297a 4500
001 25123
003 UA-OsUOA
005 20210916111236.0
007 ta
008 20040316b un ||||| |||| 00| 0 ukr d
040 _aUA-OsUOA
_brus
_cUA-OsUOA
_dUA-OsUOA
041 _arus
044 _aRU
080 _a347.963(091)
090 _a347.963(091)
_bИ90
245 _aИстория советской прокуратуры в важнейших документах
_cред. К. А. Мокичев
260 _aМосква
_bГосударственное издательство юридической литературы
_c1952
300 _a584 с.
650 7 _2UDC
942 _cBK
_2udc
955 _a0
999 _c311415
_d311415